000 00964nac a22003017a 4500
001 BR8903610
003 BR-BrBNA
005 20240105121002.0
008 230509b bl.|||m| |||| 00| 0 por d
040 _aBR-BrBNA
_bpor
_cBiblioteca Nacional de Agricultura
072 _aF01
090 _a0120 BR8903610
100 1 _aSampaio, G.V.
100 1 _aHoppe, M.
100 1 _aCosta, J.A.
110 1 _aEmpresa de Pesquisa Agropecuaria da Bahia S.A., Salvador (Brasil)
_94094
245 1 _aEfeito do espacamento e da densidade de plantio na cultivar de milho BR-105
260 3 _aSalvador, BA (Brasil):
_c1988.
300 _a9 p.
490 _aComunicado Tecnico - Empresa de Pesquisa Agropecuaria da Bahia S.A. (Brazil)
_vno. 32
_xISSN 0100-4816
650 _aMILHO
650 _aESPACAMENTO
650 _aDENSIDADE DE PLANTIO
650 _aRENDIMENTO
650 _aBAHIA
909 _a202312
_bLúcia Elande
_c55
_dLúcia Elande
942 _2AGRIS
_n0
_cMS
999 _c282609
_d282609